000 004770000a22001090004500
100 1 _aBuiles, Mauricio
245 1 0 _aA viajar en globo
300 _aVol.0, núm.19 (Abril, 2007), Página 34
520 _aEl Encuentro Internacional de Arte Contemporáneo de Medellín (MDE07) comienza en abril a sorpender a los paisas. Globos, murales vivos, fuentes de energía y tatuajes serán las primeras intervenciones.
773 0 _tArcadia / Andrés Felipe Solano, Editor
942 _cANA
999 _c62098
_d62098